000 00604nam a2200205Ia 4500
003 GCL
008 140319s9999 xx 000 0 ara d
040 _aGCL /
_cGCL
082 0 4 _a810.8
_bم ا
100 1 _aمحمد عبدالغنى حسن (تقديم)
245 1 0 _aاحمد تيمور دراسة تحليلية /
_cمحمد عبدالغنى حسن (تقديم)
260 _a[S.N] :
_bلا يوجد
300 _a379 ص
490 _a
650 0 4 _aالادب العربى
650 0 4 _aالتراجم
650 0 4 _aاعلام العرب
650 0 4 _aتاريخ ونقد
942 _2ddc
_cBK
999 _c36061
_d36061